000
00276nam a2200109Ia 4500
008
200302s9999 xx 000 0 und d
100
_a
Nelson L. Burbank
245
_a
House Construction Details 7th ed.
260
_b
Tata Mcgraw-Hill Co. Inc.
260
_c
1986
300
_a
460 P.,
999
_c
726
_d
726